Los intelectuales y la sociedad actual / (Record no. 83266)
[ view plain ]
| 000 -LEADER | |
|---|---|
| campo de control de longitud fija | 01077nam a2200301 i 4500 |
| 001 - NÚMERO DE CONTROL | |
| campo de control | 83266 |
| 003 - IDENTIFICADOR DE NÚMERO DE CONTROL | |
| campo de control | ES-MaACL |
| 005 - FECHA Y HORA DE LA ÚLTIMA TRANSACCIÓN | |
| campo de control | 20251009133434.0 |
| 007 - CAMPO FIJO DE DESCRIPCIÓN FÍSICA--INFORMACIÓN GENERAL | |
| campo de control de longitud fija | t| |
| 008 - DATOS DE LONGITUD FIJA--INFORMACIÓN GENERAL | |
| campo de control de longitud fija | 041116s1980 sp ||||1| spa d |
| 017 ## - NÚMERO DE COPYRIGHT O DE DEPÓSITO LEGAL | |
| Número de copyright o de depósito legal | M 31907-1980 |
| Agencia que asigna | Oficina Depósito Legal Madrid |
| 040 ## - FUENTE DE CATALOGACIÓN | |
| Centro/agencia transcriptor | ES-MaACL |
| 245 04 - MENCIÓN DEL TÍTULO | |
| Título | Los intelectuales y la sociedad actual / |
| Mención de responsabilidad, etc. | José Jiménez... [et al.]. |
| 260 ## - PUBLICACIÓN, DISTRIBUCIÓN, ETC. | |
| Lugar de publicación, distribución, etc. | Madrid : |
| Nombre del editor, distribuidor, etc. | Fundación de Investigaciones Marxistas, |
| Fecha de publicación, distribución, etc. | [1980] |
| 300 ## - DESCRIPCIÓN FÍSICA | |
| Extensión | 44 páginas ; |
| Dimensiones | 21 x 30 cm. |
| 500 ## - NOTA GENERAL | |
| Nota general | Ejemplar fotocopiado. |
| 650 #4 - PUNTO DE ACCESO ADICIONAL DE MATERIA--TÉRMINO DE MATERIA | |
| 9 (RLIN) | 14803 |
| Término de materia o nombre geográfico como elemento de entrada | Marxismo |
| 650 #7 - PUNTO DE ACCESO ADICIONAL DE MATERIA--TÉRMINO DE MATERIA | |
| Fuente del encabezamiento o término | embne |
| 9 (RLIN) | 11230 |
| Término de materia o nombre geográfico como elemento de entrada | Comunismo e intelectuales |
| 700 1# - ENTRADA AGREGADA--NOMBRE PERSONAL | |
| Nombre de persona | Jiménez, José. |
| 9 (RLIN) | 66414 |
| Término indicativo de función/relación | Autor |
| 700 1# - ENTRADA AGREGADA--NOMBRE PERSONAL | |
| Nombre de persona | Lacalle, Daniel, |
| Fechas asociadas al nombre | 1939-2025 |
| Término indicativo de función/relación | Autor |
| 9 (RLIN) | 159612 |
| 700 1# - ENTRADA AGREGADA--NOMBRE PERSONAL | |
| Nombre de persona | Vázquez Montalbán, Manuel, |
| 9 (RLIN) | 113463 |
| Fechas asociadas al nombre | 1939- |
| Término indicativo de función/relación | Autor |
| 700 1# - ENTRADA AGREGADA--NOMBRE PERSONAL | |
| Nombre de persona | Sartorius, Nicolás |
| 9 (RLIN) | 103894 |
| Término indicativo de función/relación | Autor |
| 700 1# - ENTRADA AGREGADA--NOMBRE PERSONAL | |
| Nombre de persona | Ribó, Rafael |
| 9 (RLIN) | 96826 |
| Término indicativo de función/relación | Autor |
| 852 ## - LOCALIZACIÓN | |
| Ubicación | ES-MaACL |
| Número de control de estantería | L-12843 |
| Sublocalización o colección | R.115138 |
| itemnumber | 86334 |
| Ubicación en estantería | Depósito 2 |
| Encuadernación | Encuadernación en grapa |
| 942 ## - ELEMENTOS DE ENTRADA SECUNDARIOS (KOHA) | |
| Tipo de ítem Koha | Folleto |
| Suprimir en OPAC | No |
| Estatus retirado | Estado de pérdida | Fuente del sistema de clasificación o colocación | Estado de daño | No para préstamo | Biblioteca de origen | Biblioteca actual | Ubicación en estantería | Fecha de adquisición | Total de préstamos | Signatura topográfica completa | Código de barras | Visto por última vez | Precio de reemplazo | Tipo de ítem Koha |
|---|---|---|---|---|---|---|---|---|---|---|---|---|---|---|
| Clasificación decimal universal | Biblioteca del Ateneo de Madrid | Biblioteca del Ateneo de Madrid | Depósito 2 | 17/01/2008 | L-12843 | 1087029 | 23/02/2023 | 23/02/2023 | Libro impreso |
